Brainteasers Quiz Stats

 Plays Quiz not verified by Sporcle

Also try: Click a Hank
Challenge
Share
Tweet
Embed
Score 0/15 Timer 10:00
0 Plays Today
brainteaser answer % Correct
m1llionone in a million
76.6%
MCE MCE MCEthree blind mice
63.1%
land timeland before time
51.6%
pawalkrkwalk in the park
41.9%
merepeatrepeat after me
37.8%
na na fishtuna fish
29.4%
time timetime after time
28.1%
familyyyyyextended family
24.4%
brainteaser answer % Correct
1. 2.blame 3.blameno one to blame
21.9%
timing ti mingsplit second timing
17.2%
$0 all all all allfree for all
14.1%
LALall mixed up
12.5%
me rightright beside me
10%
me1111oneonesomeone's following me
4.4%
eiln puline up in alphabetic order
4.1%

You're not logged in!

Compare scores with friends on all Sporcle quizzes.
Join for Free
OR
Log In

You Might Also Like...

Show Comments

Extras

Created Feb 13, 2011ReportNominate
Tags:Brain Teaser

Top Quizzes Today


Score Distribution

Your Account Isn't Verified!

In order to create a playlist on Sporcle, you need to verify the email address you used during registration. Go to your Sporcle Settings to finish the process.

Report this User

Report this user for behavior that violates our Community Guidelines.

Details: